| 000 | 00837cam a2200217 4500 | ||
|---|---|---|---|
| 008 | 020226n2002 000 0 eng u | ||
| 035 | _a(Sirsi) u117081 | ||
| 050 |
_a692.8 _c18 |
||
| 110 |
_aJoint Contracts Tribunal _93664 |
||
| 245 | _aStandard form of management contract 1998 edition. Amendment 4 and guidance note issued January 2002 : extension of time | ||
| 260 |
_aLondon _bRIBA _c2002 |
||
| 300 |
_a4p. _c30cm. |
||
| 350 | _a0.80 | ||
| 490 |
_aJCT Standard Form of Management Contract 1998 Edition _vAmendment 4 |
||
| 650 | _aBUILT ENVIRONMENT-BUILDING CONTRACT FORMS | ||
| 650 | _aEXTENSIONS OF TIME | ||
| 650 | _aBUILT ENVIRONMENT-BUILDING CONTRACT FORMS-STANDARD FORMS OF BUILDING CONTRACT-JOINT CONTRACTS TRIBNUAL CONTRACTS | ||
| 650 | _aMC98 | ||
| 690 | _aBUILT ENVIRONMENT-BUILDING CONTRACT FORMS | ||
| 942 | _n0 | ||
| 999 |
_c101941 _d101941 |
||